[Event "GER-ch Net blitz qual3"]
[Site "Playchess.com INT"]
[Date "2021.05.07"]
[Round "5"]
[White "Dittrich, Gunnar"]
[Black "Mester, Philipp"]
[Result "1-0"]
[WhiteElo "1761"]
[BlackElo "1530"]
[PlyCount "53"]
[EventDate "2021.05.07"]
[EventType "swiss (blitz)"]
[EventRounds "11"]
[EventCountry "GER"]
[SourceTitle "CBM 202 Extra"]
[Source "ChessBase"]
[SourceDate "2021.07.31"]
[SourceVersion "1"]
[SourceVersionDate "2021.07.31"]
[SourceQuality "1"]

1. e4 e5 2. Bc4 Nf6 3. d4 exd4 4. Nf3 Nc6 5. 0-0 Bc5 6. c3 0-0 7. cxd4 Bb6 8. Bg5 h6 9. Bh4 g5 10. Bg3 Nxe4 11. Qd3 d5 12. Bb3 Nxg3 13. fxg3 Be6 14. Nc3 Qd7 15. Kh1 Nb4 16. Qe3 c6 17. a3 Na6 18. Ne5 Qe7 19. Rae1 Bc7 20. Bc2 Bxe5 21. Qxe5 Rae8 22. Rf6 Nb8 23. Rxh6 f6 24. Qe2 Rf7 25. Qh5 Rh7 26. Rxh7 Bf5 27. Rhxe7 1-0

[Event "GER-ch Net blitz qual3"]
[Site "Playchess.com INT"]
[Date "2021.05.07"]
[Round "9"]
[White "Mester, Philipp"]
[Black "Boettner, Juergen"]
[Result "0-1"]
[WhiteElo "1530"]
[BlackElo "1454"]
[PlyCount "72"]
[EventDate "2021.05.07"]
[EventType "swiss (blitz)"]
[EventRounds "11"]
[EventCountry "GER"]
[SourceTitle "CBM 202 Extra"]
[Source "ChessBase"]
[SourceDate "2021.07.31"]
[SourceVersion "1"]
[SourceVersionDate "2021.07.31"]
[SourceQuality "1"]

1. e4 e5 2. f4 exf4 3. Nf3 Be7 4. Bc4 Bh4+ 5. Kf1 Nc6 6. d4 d6 7. Bxf4 Qf6 8. g3 g5 9. Be3 g4 10. gxh4 gxf3 11. Nd2 Bh3+ 12. Ke1 Qxh4+ 13. Bf2 Qf6 14. Nxf3 Bg4 15. Be2 Bxf3 16. Bxf3 Nxd4 17. Bxd4 Qh4+ 18. Bf2 Qf6 19. Qd3 0-0-0 20. Rd1 Ne7 21. c3 Nc6 22. Bg3 Rhg8 23. Rg1 h6 24. Kd2 Qg5+ 25. Qe3 Qa5 26. Kc2 Qxa2 27. Ra1 Qc4 28. Rgd1 Nb4+ 29. Kd2 Nc6 30. Ra3 Qb5 31. Kc2 Qc4 32. Rb3 b6 33. Rd2 Qe6 34. e5 d5 35. Qd3 h5 36. Qe2 Na5 0-1

[Event "GER-ch Net blitz qual1"]
[Site "Playchess.com INT"]
[Date "2021.04.24"]
[Round "7"]
[White "Mester, Philipp"]
[Black "Hausmann, Heiko"]
[Result "1-0"]
[WhiteElo "1629"]
[BlackElo "1516"]
[PlyCount "153"]
[EventDate "2021.04.24"]
[EventType "swiss (blitz)"]
[EventRounds "11"]
[EventCountry "GER"]
[SourceTitle "CBM 202 Extra"]
[Source "ChessBase"]
[SourceDate "2021.07.31"]
[SourceVersion "1"]
[SourceVersionDate "2021.07.31"]
[SourceQuality "1"]

1. e4 d5 2. exd5 Qxd5 3. Nc3 Qa5 4. d4 c6 5. Bf4 Nf6 6. Nf3 Bf5 7. Bd3 Bxd3 8. Qxd3 e6 9. a3 Be7 10. b4 Qd8 11. 0-0 Bd6 12. Bxd6 Qxd6 13. Ne4 Nxe4 14. Qxe4 Nd7 15. c4 Nf6 16. Qe5 Qe7 17. Rad1 0-0 18. Ng5 h6 19. Ne4 Nxe4 20. Qxe4 Qf6 21. f4 Rfd8 22. Qe5 Qe7 23. f5 Qg5 24. fxe6 Qxe5 25. exf7+ Kf8 26. dxe5 Rxd1 27. Rxd1 Kxf7 28. Rd7+ Ke6 29. Rxb7 Kxe5 30. Rxg7 Kd4 31. Rg4+ Ke5 32. Kf2 Rf8+ 33. Ke3 Rf6 34. g3 Kd6 35. Re4 c5 36. b5 Rf1 37. Rh4 Rf6 38. Ke4 Re6+ 39. Kf5 Re5+ 40. Kg6 Re6+ 41. Kg7 Re7+ 42. Kf8 Re6 43. h3 Kd7 44. Kg7 Re3 45. Kxh6 Rxg3 46. Rh5 Kd6 47. Rd5+ Ke6 48. Rxc5 Rxh3+ 49. Kg5 Rxa3 50. Rc6+ Kd7 51. Kf6 Rf3+ 52. Ke5 Rh3 53. Kd4 Rh4+ 54. Kc5 Rh5+ 55. Kb4 a6 56. Rxa6 Kc7 57. c5 Rh4+ 58. Ka5 Rh1 59. Ra7+ Kb8 60. Rf7 Ra1+ 61. Kb6 Kc8 62. c6 Kd8 63. Kb7 Ke8 64. Rd7 Rb1 65. Rg7 Rxb5+ 66. Kc8 Rc5 67. c7 Kf8 68. Rg4 Ke7 69. Kb7 Rb5+ 70. Kc6 Ra5 71. c8Q Rf5 72. Qd7+ Kf6 73. Qd6+ Kf7 74. Rf4 Rf6 75. Qxf6+ Ke8 76. Qf7+ Kd8 77. Qd7# 1-0